| 000 | 00593nam a22002177a 4500 | ||
|---|---|---|---|
| 003 | LK-CoDNM | ||
| 005 | 20250228115534.0 | ||
| 008 | 250224b |||||||| |||| 00| 0 eng d | ||
| 040 |
_aLK-CoDNM _dLK-CoDNM _eLK-CoDNM |
||
| 041 | _aeng | ||
| 080 |
_aRC _b591 |
||
| 100 | _a Joshi, P.J. | ||
| 245 |
_aFacets of Indian Civilization - Vol. II _bRecent Perspectives |
||
| 260 |
_aNew Delhi _bAryan Books International _c1997 |
||
| 300 | _aXLVII, 610p. , Ill, Map ; 28 cm | ||
| 650 | _aRare Collection | ||
| 650 | _aIndia | ||
| 650 | _aCivilization | ||
| 650 | _aHistory | ||
| 942 | _cBK | ||
| 999 |
_c238518 _d238518 |
||